Countries With Least Access To Drinkable Water - Statistics

General Stats
  • This quiz has been taken 33 times
  • The average score is 8 of 10
Answer Stats
Rank Answer % Correct
9 Niger
93%
5 Somalia
93%
8 Chad
90%
7 Democratic Republic Of The Congo
90%
1 Eritrea
80%
4 Ethiopia
80%
6 Angola
77%
10 Mozambique
73%
3 Uganda
63%
2 Papua New Guinea
30%
No matching quizzes found
Score Distribution
Percent of People with Each Score
Percentile by Number Answered
Your Score History
You have not taken this quiz